Normal view
MARC view
- الزرقي ، محمد طاهر
Entry Personal Name
001 - CONTROL NUMBER
- control field: 35789
003 - CONTROL NUMBER IDENTIFIER
- control field: JO-AjAnu
005 - DATE AND TIME OF LATEST TRANSACTION
- control field: 20230606080000.0
008 - FIXED-LENGTH DATA ELEMENTS
- fixed length control field: 230606|| aca||aabn | a|a d
040 ## - CATALOGING SOURCE
- Original cataloging agency: JO-AjAnu
- Transcribing agency: JO-AjAnu
100 ## - HEADING--PERSONAL NAME
- Personal name: الزرقي ، محمد طاهر
670 ## - SOURCE DATA FOUND
- Source citation: Work cat.: (JO-AjAnu)18377: الزرقي ، محمد طاهر , author, حقوق الانسان والقانون الجنائي